| 000 | nam a22 a 4500 | ||
|---|---|---|---|
| 999 |
_c4655 _d4655 |
||
| 003 | AKMAL | ||
| 005 | 20170727101820.0 | ||
| 008 | 170727t20152015my g 001 0 may d | ||
| 020 |
_a9789674307240 _qpaperback _cRM20.00 |
||
| 040 | _aBNM | ||
| 082 | 0 | 4 |
_a303.482 STE _223 |
| 090 | 0 | 0 |
_a303.482 _bSTE |
| 100 | 1 |
_aSteger, Manfred B., _d1961- _eauthor. _98969 |
|
| 245 | 1 | 0 |
_aGLOBALISASI : _bPengenalan Ringkas / _cManfred B. Steger ; Penterjemah Azmi Ahmad |
| 246 | 3 |
_iTranslation of: _aGlobalization : _ba very short introduction |
|
| 264 | 1 |
_aKuala Lumpur : _bInstitut Terjemahan & Buku Malaysia, _c2015 |
|
| 264 | 4 | _c©2009 | |
| 300 |
_aviii, 136 pages : _bphotographs ; _c18 cm |
||
| 500 | _aIncludes index | ||
| 504 | _aBibliography: pages 169-175 | ||
| 650 | 1 | 0 |
_aGlobalization _9281 |
| 700 | 0 |
_aAzmi Ahmad, _d1971- _etranslator. _98970 |
|
| 942 |
_2ddc _cBOOK |
||
| 950 | _lAKMAL | ||